000 00442nam a22001817a 4500
999 _c9298
_d9298
003 GBCCL
005 20241126110709.0
008 220919b ||||| |||| 00| 0 eng d
020 _a9789385756238
040 _cgbc
082 _a371
_bPRA
100 _aPradhan, Sukanta Kumar
_916195
245 _aElements of education
260 _aMeerut :
_bBalaji publications,
_c2018
300 _a264p
650 _aEducation
_91195
942 _2ddc
_cBK